| 000 | 01583cam a2200397 a 4500 | ||
|---|---|---|---|
| 001 | 16013631 | ||
| 003 | OSt | ||
| 005 | 20150408114157.0 | ||
| 008 | 091209s2011 nyua b 001 0 eng | ||
| 010 | _a 2009049847 | ||
| 015 |
_aGBA9C2330 _2bnb |
||
| 016 | 7 |
_a015442155 _2Uk |
|
| 020 | _a9780073380452 | ||
| 020 | _a0073380458 | ||
| 020 | _a9780071221993 | ||
| 035 | _a(OCoLC)ocn477254707 | ||
| 040 |
_aDLC _cDLC _dBTCTA _dUKM _dC#P _dBWX _dCDX _dYDXCP _dDLC |
||
| 050 | 0 | 0 |
_aTK7874 _b.J333 2011 |
| 082 | 0 | 0 |
_a621.3815 _222 _bJRM |
| 100 | 1 |
_aJaeger, Richard C. _936711 |
|
| 245 | 1 | 0 |
_aMicroelectronic circuit design / _cRichard C. Jaeger, Travis N. Blalock. |
| 250 | _a4th ed. | ||
| 260 |
_aNew York : _bMcGraw-Hill, _cc2011. |
||
| 300 |
_axxvi, 1334 p. : _bill. ; _c27 cm. |
||
| 504 | _aIncludes bibliographical references and index. | ||
| 650 | 0 |
_aIntegrated circuits _xDesign and construction. |
|
| 650 | 0 |
_aSemiconductors _xDesign and construction. _911829 |
|
| 650 | 0 |
_aElectronic circuit design. _936712 |
|
| 700 | 1 |
_aBlalock, Travis N. _936714 |
|
| 856 | 4 | 2 |
_3Contributor biographical information _uhttp://www.loc.gov/catdir/enhancements/fy1005/2009049847-b.html |
| 856 | 4 | 2 |
_3Publisher description _uhttp://www.loc.gov/catdir/enhancements/fy1005/2009049847-d.html |
| 856 | 4 | 1 |
_3Table of contents only _uhttp://www.loc.gov/catdir/enhancements/fy1005/2009049847-t.html |
| 906 |
_a7 _bcbc _corignew _d1 _eecip _f20 _gy-gencatlg |
||
| 942 |
_2ddc _cBOOK |
||
| 999 |
_c32562 _d267062 |
||